000 00992cam a22003017a 4500
003 CHAP
005 20220329140006.0
008 971013s1980 r 00010 d
010 _a45187
011 _a46159
035 _a50299
040 _cCHAP
082 _a396
_bR4Y
100 0 0 _aReed, Evelyn.
_995406
245 1 3 _aLa evolución de la mujer
_b: del clan matriarcal a la familia patricarcal
260 _aBarcelona :
_bFontamara,
_c1980
300 _a350 p.
590 _aBATCH-UPD
_b10
_c20130110
_lUCH01
_h1014
590 _aBATCH-UPD
_b10
_c20130410
_lUCH01
_h0621
590 _aBATCH-UPD
_b10
_c20130914
_lUCH01
_h1340
590 _aCONVERSION
_b10
_c20130109
_lUCH01
_h1325
650 1 4 _aFamilia
_xHistoria.
_939407
650 1 4 _aMujer
_xSituación social
_zColima.
_979337
901 _aBK
942 _cLIBRO
949 _a396 R4Y
_bBC
_cLIBRO
_d33724000433462
_eLIBRO
_fc.2
_gI. 125241
_h64644
_i50299
_si
949 _a396 R4Y
_bBC
_cLIBRO
_d33724000433470
_eLIBRO
_gI. 125240
_h64643
_i50299
_si
999 _c45187
_d45187